Footballers With The Most Ballon D'or - Statistics

General Stats
  • This quiz has been taken 186 times
  • The average score is 5 of 10
Answer Stats
No. Of Ballon D'ors Name % Correct
5 Cristiano Ronaldo
100%
8 Lionel Messi
100%
3 Johan Cruyff
59%
3 Michel Platini
58%
3 Marco Van Basten
54%
2 Franz Beckenbauer
42%
2 Alfredo di Stefano
36%
2 Ronaldo Nazario
32%
2 Karl-Heinz Rummenigge
19%
2 Kevin Keegan
18%
No matching quizzes found
Score Distribution
Percent of People with Each Score
Percentile by Number Answered
Your Score History
You have not taken this quiz